000 00716nam a2200277Ia 4500
005 20260324124051.0
008 008 260324s9999 xx 000 0 eng d
020 _a9781351221542
037 _aEBOOK
040 _aCRL
040 _beng
040 _cCRL
041 _2eng
041 _aeng
084 _qCRL
100 _aCarolyn W de la L Oulton; Andrew King; Paul March-Russell; Carolyn W de la L Oulton
_91172712
245 0 _aNew Woman Fiction, 1881-1899, Part III vol 7
260 _bTaylor and Francis
260 _c2011
365 _a
365 _b205
856 _uhttp://www.taylorfrancis.com/books/9781351221542
942 _cEBOOK
999 _c1766798
_d1766798